| 000 | 00501nam a2200169 a 4500 | ||
|---|---|---|---|
| 005 | 20241203063745.0 | ||
| 008 | 991125s1977 mx 000 0 spa u | ||
| 035 | _aUPN01000016183 | ||
| 049 | _aCG | ||
| 050 | 4 |
_aLB2003.41 _bD3.2 |
|
| 245 | 0 | 0 | _aDiseño de curriculum. |
| 260 |
_a[Morelia, Mich.] : _bEscuela Normal Superior de Michoacán, _c1977. |
||
| 300 | _a1 v. (en varias paginaciones) | ||
| 650 | 4 |
_aEducación _vPlanes y programas _96413 |
|
| 650 | 4 |
_aEducación normal _94431 |
|
| 905 | _aLibro | ||
| 999 |
_c16183 _d16183 |
||